| 000 | 005670000a22001930004500 | ||
|---|---|---|---|
| 999 |
_c48950 _d48950 |
||
| 001 | 1793 | ||
| 003 | CO-MdFUSB | ||
| 005 | 20170918152239.0 | ||
| 008 | 170918b xxu||||| |||| 00| 0 eng d | ||
| 020 | _a0-7460-7080-2 | ||
| 040 | _cCO-MdBIC | ||
| 082 | 0 | 4 | _a900 Us17p |
| 100 | 1 | _aChandler, Fiona | |
| 245 | 1 | 0 | _aMi primer enciclopedia de historia / Fiona Chandler; diseƱo Susie McCaffrey ; ilustraciones David Hancock |
| 260 | _aLondres : Usborne Publishing Ltd. | ||
| 300 | _a64 P. | ||
| 650 | 1 | 4 | _aHistoria universal \ Enciclopedias de Historia |
| 942 | _cLGB | ||